000 00586nam a2200181Ia 4500
008 100921s9999 xx 000 0 und d
082 _b36821
_a891.463 न 01
100 _aनंदकिशोर अपर्णा.
245 _aअद्वैत.
260 _bरूपवेध प्रकाशन, परभणी.
_c2001
300 _a74
_bरसिक साहित्य,पुणे
365 _b40
520 _aललित-कथा.
630 _aअद्वैत.
650 _aललित-कथा.
730 _aअद्वैत.
942 _cBOOK
999 _c785934
_d785931